Score 0/18 Timer 03:00
0 Plays Today
#1 Hit Song Missing Word % Correct
How Can You Mend a _____ HeartBroken
96.9%
Joy to the _____World
96.5%
Brand _____ KeyNew
91.8%
Me and _____ McGeeBobby
90%
Maggie _____May
90%
_____ SugarBrown
89.8%
You've Got a _____Friend
87.8%
Knock _____ TimesThree
87.1%
It's Too _____Late
84.7%
#1 Hit Song Missing Word % Correct
Go Away Little _____Girl
83.4%
_____ AffairFamily
82.1%
_____ Bad AppleOne
82%
Gypsys, _____ & ThievesTramps
79.8%
Theme from _____Shaft
74.4%
Just My _____ (Running Away With Me)Imagination
73.8%
_____ ReservationIndian
59.7%
Uncle Albert/_____ HalseyAdmiral
45.4%
_____ AdsWant
39.5%

Today's Daily Dose

You're not logged in!

Compare scores with friends on all Sporcle quizzes.
OR
Log In

Sporcle TV

Today on Sporcle TV


Watch our educational content, quiz creation guides, and fun videos on Sporcle TV.

Show Comments

Extras

Top Quizzes Today


Score Distribution

Paid Content

Your Account Isn't Verified!

In order to create a playlist on Sporcle, you need to verify the email address you used during registration. Go to your Sporcle Settings to finish the process.

Report this User

Report this user for behavior that violates our Community Guidelines.

Details: